<?xml version="1.0" encoding="UTF-8"?><?xml-stylesheet type="text/xsl" href="static/style.xsl"?><OAI-PMH xmlns="http://www.openarchives.org/OAI/2.0/" xmlns:xsi="http://www.w3.org/2001/XMLSchema-instance" xsi:schemaLocation="http://www.openarchives.org/OAI/2.0/ http://www.openarchives.org/OAI/2.0/OAI-PMH.xsd"><responseDate>2026-04-17T03:53:25Z</responseDate><request verb="GetRecord" identifier="oai:www.recercat.cat:2099.1/22107" metadataPrefix="marc">https://recercat.cat/oai/request</request><GetRecord><record><header><identifier>oai:recercat.cat:2099.1/22107</identifier><datestamp>2026-03-16T10:14:46Z</datestamp><setSpec>com_2072_1033</setSpec><setSpec>col_2072_452951</setSpec></header><metadata><record xmlns="http://www.loc.gov/MARC21/slim" xmlns:dcterms="http://purl.org/dc/terms/" xmlns:xsi="http://www.w3.org/2001/XMLSchema-instance" xmlns:doc="http://www.lyncode.com/xoai" xsi:schemaLocation="http://www.loc.gov/MARC21/slim http://www.loc.gov/standards/marcxml/schema/MARC21slim.xsd">
   <leader>00925njm 22002777a 4500</leader>
   <datafield ind2=" " ind1=" " tag="042">
      <subfield code="a">dc</subfield>
   </datafield>
   <datafield ind2=" " ind1=" " tag="720">
      <subfield code="a">Borderia Rojo, Daniel</subfield>
      <subfield code="e">author</subfield>
   </datafield>
   <datafield ind2=" " ind1=" " tag="260">
      <subfield code="c">2014-06-11</subfield>
   </datafield>
   <datafield ind2=" " ind1=" " tag="520">
      <subfield code="a">L’objectiu d’aquest treball és estudiar la relació que tenen les velocitats dels&#xd;
eixos de la impresora amb respecte la velocitat de sortida del plàstic per&#xd;
l’extrusor en una impresora 3D Prusa Mendel IT1. Això s’aconsegueix analitzant&#xd;
l’efecte que té canviar el factor d’impresió de l’extrusor.&#xd;
Per a poder desenvolupar aquest estudi es realitzaran les següents tasques, que&#xd;
es troben detalladles en la memoria del projecte:&#xd;
- Estudi del funcionament de les noves tecnologies de Rapid-Manufacturing i&#xd;
Rapid-Prototyping is els seus sistemes vinculats a la impressió 3D.&#xd;
- Profunditzar l’estudi del sistema d’impressió de FDM (fusión deposition&#xd;
modeling), sistema sota el cual es basa la impressió.&#xd;
- Estudi del procés d’extrusió.&#xd;
- Un cop s’han analitzat els problemes que es poden trobar en el procés d’extrusió, es realitzaran diferents probes d’extrusió, fent variar diferents&#xd;
valors de l’extrusió.&#xd;
- Estudi de l’amplada del fil aposentat.Per acabar, s’elabora la documentació necesària per a poder parametritzar els paràmetres de velocitat d’una impressora 3D.&#xd;
Posteriorment, es realitzarà una impresora 3D Prusa Mendel IT2, les peces de la&#xd;
cual, es realitzaran amb la impresora parametritzada.</subfield>
   </datafield>
   <datafield tag="653" ind2=" " ind1=" ">
      <subfield code="a">Àrees temàtiques de la UPC::Enginyeria mecànica::Processos de fabricació mecànica</subfield>
   </datafield>
   <datafield tag="653" ind2=" " ind1=" ">
      <subfield code="a">Computer printers –- Design and construction</subfield>
   </datafield>
   <datafield tag="653" ind2=" " ind1=" ">
      <subfield code="a">Impressores (Ordinadors) -- Disseny i construcció</subfield>
   </datafield>
   <datafield ind2="0" ind1="0" tag="245">
      <subfield code="a">Mejora, parametrización y montaje de una impresora 3D</subfield>
   </datafield>
</record></metadata></record></GetRecord></OAI-PMH>